Random Tile Quiz - Statistics

General Stats
  • This quiz has been taken 306 times
  • The average score is 37 of 45
Answer Stats
Question Tile Select % Correct
Places in the USA Chichen Itza No
97%
Places in the USA Macchu Picchu No
97%
Places in the USA Statue of Liberty Yes
97%
Places in the USA The Golden Gate Bridge Yes
96%
Places in the USA The Great Pyramid No
96%
Places in the USA Uluru No
96%
Cities in the Middle East Damascus Yes
93%
Numbers that are French Vrei No
93%
Cities in the Middle East Dubai Yes
92%
Places in the USA The Forbidden City No
92%
Numbers that are French Un Yes
91%
Cities in the Middle East Jeddah Yes
89%
Countries that border Romania Kosovo No
89%
Cities in the Middle East Lahore No
89%
Countries that border Romania North Macedonia No
89%
Capitals of USA States Sacramento Yes
89%
Countries that border Romania Bulgaria Yes
88%
Cities in the Middle East Dili No
88%
Countries that border Romania Poland No
86%
Places in the USA The Alamo Yes
86%
Cities in the Middle East Marrakesh No
85%
Numbers that are French Cinq Yes
83%
Capitals of USA States Miami No
83%
Countries that border Romania Moldova Yes
82%
Countries that border Romania Ukraine Yes
82%
Numbers that are French Dix Yes
80%
Places in the USA Old Faithful Yes
80%
Capitals of USA States Springfield Yes
80%
Capitals of USA States Dallas No
78%
Capitals of USA States Jackson Yes
78%
Capitals of USA States Omaha No
76%
Numbers that are French Euf No
75%
Numbers that are French Due No
74%
Numbers that are French Huit Yes
73%
Countries that border Romania Hungary Yes
73%
Countries that border Romania Slovakia No
72%
Cities in the Middle East Yerevan No
72%
Capitals of USA States Seattle No
71%
Countries that border Romania Serbia Yes
69%
Capitals of USA States Helena Yes
68%
Cities in the Middle East Tripoli No
64%
Capitals of USA States Pierre Yes
63%
Cities in the Middle East Aden Yes
60%
Numbers that are French Treize No
53%
Numbers that are French Six Yes
51%
No matching quizzes found
Score Distribution
Percent of People with Each Score
Percentile by Number Answered
Your Score History
You have not taken this quiz